1967 1056 1483 1172 1869 1845 1518 1363 1521 1694 1078 1557 1250 1558 1801 1733 1061 1640 1640 1424 1445 1364 1141 1747 1474 1538 1479 1057 1838 1952 1884 1406 1475 1490 1858 1622 1182 1265 1713 1987 1453 1740 1620 1661 1413 1095 1297 1241 1546 1887 1645 1707 1494 1151 1984 1395 1663 1367 1932 1740 1640 1640 1336 1709 1612 1286 1104 1084 1965 1807 1373 1384 1335 1317 1779 1611 1892 1356 1132 1110 1662 1002 1390 1364 1321 1302 1372 1730 1437 1976 1104 1635 1838 1224 1057 1715 1733 1484 1804 BCNSPRNW ULIB Ver.6.0+V

เปลี่ยนเป็นภาษาไทย

Change to English
 แสดงรายละเอียดบรรณานุกรม
  กลับหน้าหลัก

Brief Record : Get Marc (ISO 2709) : E-mail record : QR code < ปิดหน้าต่าง
LEADER : 00000nam 2200000uu 4500
001    13399113887
003     ULIB
008    110320s||||||||th 000 0 tha d
099    วจ.WY16^bจ148ภ
100 0  จรรยา แก้วใจบุญ
245 00 ภาพลักษณ์ของนักศึกษา วิทยาลัยพยาบาลบรมราชชนนี พะเยา/^cจรรยา แก้วใจบุญ,เกศินี การสมพจน์ และ วรินทร์ธร ภัทราพิริยนันท์
260    พะเยา :^bวิทยาลัยพยาบาลบรมราชชนนี พะเยา,^c2554
300    80 หน้า :^bตาราง
500    รายงานการวิจัย
650  7 นักศึกษาพยาบาล^xภาพลักษณ์^xวิจัย
650  7 วิทยาลัยพยาบาล พะเยา^xวิจัย
700 02 เกศินี การสมพจน์
700 02 วรินทร์ธร ภัทราพิริยนันท์
710 2  วิทยาลัยพยาบาลบรมราชชนนี. ^bพะเยา
945    ^p0^l0^i030948
995    ทศพร
999 ^a ใช้งานได้ทุกระบบ
รายการนี้ยังไม่มีแท็ก
คุณยังไม่ได้ล็อกอิน คุณสามารถมีกิจกรรมร่วมกับเว็บไซต์ได้ แต่ต้องล็อกอินก่อน ::
  ล็อกอิน

รายการสื่อสารสนเทศ

ลำดับที่ ประเภท เลขเรียก/บาร์โค้ด สถานที่ สถานะ
1. งานวิจัย
งานวิจัย
วจ.WY16 จ148ภ ฉ.1 
  Barcode: 030948
ห้องสมุดวิทยาเขตสวรรค์ประชารักษ์
►วิจัย
บนชั้น

รายการใกล้เคียง
    ผู้แต่ง [จรรยา แก้วใจบุญ]

BibComment


ยังไม่เคยถูกคอมเมนท์

คอมเมนท์ทรัพยากรรายการนี้
  คอมเมนท์: ภาพลักษณ์ของนักศึ..


 Copyright 2026. Bcnsprnw @Library